000 00214nam a22000977a 4500
003 SGT
245 _aJOURNAL OF THE AMERICAN MEDICAL ASSOCIATION
260 _bCONTINUOUS PUB AMERICA
300 _a905
942 _2ddc
_cBV
999 _c19062
_d19062